• 首页
  • 本馆介绍
  • 公告通知
  • 最新文献
  • 馆藏检索
  • 电子资源
  • 读者导购
  • 参考咨询
  • 我的图书馆
  • 登录
  • 详细信息显示
  • 放入我的书架
  • 预约/预借图书
  • 作者相关作品
  • 分类相关作品
  • 丛书相关作品
  • 出版社相关作品

书目信息

  • 表格格式
  • 工作单格式
  • 卡片格式
题名:
低碳经济引论
    
 
作者: 徐玖平 , 卢毅 著
分册:  
出版信息: 北京   科学出版社  2011
页数: 304页
开本: 24cm
丛书名:
单 册:
中图分类: F061.3
科图分类:
主题词: 气候变化--Qi Hou Bian Hua--影响--经济发展--研究
电子资源:
ISBN: 978-7-03-030371-4
000 00869nam0 22002411 450
001 349595
005 20161009083652.23
010    @a978-7-03-030371-4@dCNY36.00
100    @a20110520d2011 em y0chiy50 ea
101 0  @achi
102    @aCN@b110000
105    @aa z 001yy
106    @ar
200 1  @a低碳经济引论@ADi Tan Jing Ji Yin Lun@f徐玖平,卢毅著
210    @a北京@c科学出版社@d2011
215    @a304页@c照片@d24cm
330    @a本书以科学发展观为统领思想,从系统角度全面介绍低碳经济的基本知识及其国内外发展历程、现状与趋势,详细阐述低碳经济的内涵、能源体系、产业结构、技术创新、城市建设、交易市场、政策保障及示范工程。
606 0  @a气候变化@AQi Hou Bian Hua@x影响@x经济发展@x研究
690    @aF061.3@v5
701  0 @a徐玖平@AXu Jiu Ping@f(1962.9~)@4著
701  0 @a卢毅@ALu Yi@4著
801  0 @aCN@bTANGWEI@20160730
905    @b0885800-4@dF061.3@e139@f5
    
    低碳经济引论/徐玖平,卢毅著 .-北京:科学出版社,2011
    304页:照片;24cm
    
    
    ISBN 978-7-03-030371-4:CNY36.00
    本书以科学发展观为统领思想,从系统角度全面介绍低碳经济的基本知识及其国内外发展历程、现状与趋势,详细阐述低碳经济的内涵、能源体系、产业结构、技术创新、城市建设、交易市场、政策保障及示范工程。
●
相关链接 在E读中查询图书 在五车中查询图书 在当当中查询图书 在豆瓣中查询图书


正题名:低碳经济引论     索取号:F061.3/139         预约/预借

序号 登录号 条形码 馆藏地/架位号 状态 备注
1 0885800   208858002   第一样本阅览室/ [索取号:F061.3/139] 在馆    
2 0885801   208858011   密集书库-海洋学院/ [索取号:F061.3/139] 在馆    
3 0885802   208858020   第一借阅区/ [索取号:F061.3/139] 在馆    
4 0885803   208858039   第一借阅区/ [索取号:F061.3/139] 在馆    
5 0885804   208858048   第一借阅区/ [索取号:F061.3/139] 在馆    
唐山师范学院图书馆 欢迎您!
大连网信软件有限公司© 版权所有